000 00276nam a2200121Ia 4500
008 190107s9999 xx 000 0 und d
020 _a8187326115
100 _aKrishnamurti J
245 0 _aOn realtionship
260 _bKrishnamurti foundations
365 _b130/-
942 _cBK
999 _c614
_d614